Koncepcia rozvoja školy a školského zariadenia

Podrobná bibliografia
Hlavní autori: Böhmerová, Anna (Autor), Stanislavová, Mária (Autor)
Ďalší autori: Lisý, Tomáš (Autor obálky)
Médium: Kniha
Jazyk:slovenčina
PhysicalDescription:78 strán formuláre, tabuľky 21 cm
Vydavateľské údaje: Bratislava Wolters Kluwer 2024
ISBN:9788057106746
9788057106753
Vydanie:4. vydanie
Edícia:Školstvo
Predmet:

MARC

LEADER 00000cam a2200000 4500
001 vtls012260175
003 SK-MaSNL
005 20260426020643.0
008 240711s2024 xo ka frfn 000 0 slo
015 |a SNBA2025/01 
020 |a 9788057106746  |q (brožované) 
020 |a 9788057106753  |q (pdf) 
040 |a SNK  |b slo  |c SNK  |e rda 
041 0 |a slo 
043 |a e-xo--- 
044 |a xo  |c SK 
072 7 |a 371  |x Školstvo (organizácia)  |2 konspekt 
080 |a 373/378  |2 2011 
080 |a 342.537.3/.5  |2 2011 
080 |a 347.454  |2 2011 
080 |a 005.742-057.17  |2 2011 
080 |a (437.6)  |2 2011 
080 |a (072)  |2 2011 
100 1 |a Böhmerová, Anna  |4 aut  |9 506130 
245 1 0 |a Koncepcia rozvoja školy a školského zariadenia  |c Anna Böhmerová, Mária Stanislavová 
250 |a 4. vydanie 
264 1 |a Bratislava  |b Wolters Kluwer  |c 2024 
300 |a 78 strán  |b formuláre, tabuľky  |c 21 cm 
336 |a text  |b txt  |2 rdacontent 
337 |a bez média  |b n  |2 rdamedia 
338 |a zväzok  |b nc  |2 rdacarrier 
490 1 |a Školstvo 
500 |a Na rube titulného listu: 4. aktualizované a prepracované vydanie 
504 |a Obsahuje bibliografiu na strane 78 
650 0 7 |a školy  |2 SNKPH  |9 1276 
650 0 7 |a legislatíva  |2 SNKPH  |9 121217 
650 0 7 |a výberové konania  |2 SNKPH  |9 73005 
650 0 7 |a Schools  |2 SNKPHeng  |9 274711 
650 0 7 |a Legislation  |2 SNKPHeng  |9 268421 
650 0 7 |a Invitations to tender  |2 SNKPHeng  |9 419790 
650 0 7 |a Managers  |2 SNKPHeng  |9 265343 
650 0 7 |a vedúci pracovníci  |2 SNKPH  |9 59720 
651 7 |a Slovensko  |2 SNKPHgeo  |9 14231 
651 7 |a Slovakia  |2 SNKPHeng  |9 92630 
655 7 |a metodické príručky  |2 SNKPH  |9 70250 
655 7 |a Methodological manuals  |2 SNKPHeng  |9 270866 
700 1 |a Stanislavová, Mária  |4 aut  |9 346804 
700 1 |a Lisý, Tomáš  |4 bjd  |9 414832 
710 2 |a Forma, s.r.o.  |4 bkd  |9 424630 
830 0 |a Školstvo  |9 424631 
852 |a Slovenská národná knižnica 
919 |a 978-80-571-0674-6 
919 |a 978-80-571-0675-3 
954 |a odborná, vedecká literatúra pôvodná (slovenská)  |2 lita 
958 |a NB 
999 |c 1217421  |d 1219351 
952 |a SNK  |b SNK  |y VYP  |7 0  |p 17A1553868  |o snkSC 207486 D1  |i snk2024/15986  |8 3  |g 10.45  |0 0  |1 0  |4 0  |d 2024-10-17  |l 0  |r 2026-02-24 23:33:27  |w 2026-02-24 
952 |a SNK  |b SNK  |y PREZ  |7 0  |p 17A1549024  |o snkSC 207486  |i snk2024/12319  |8 0  |0 0  |1 0  |4 0  |d 2024-08-01  |l 0  |r 2025-10-31 00:00:00  |w 2026-02-24